| 000 | 00855cam a22002291 4500 | ||
|---|---|---|---|
| 001 | gs 05000870 | ||
| 003 | DLC | ||
| 005 | 20260227111302.0 | ||
| 008 | 860623s1853 ilu 000 0 eng c | ||
| 010 | _ags 05000870 | ||
| 035 | _a(OCoLC)13767072 | ||
| 040 |
_aU.S. Geol. survey. Library. _cKyU _dKyU _dDLC |
||
| 042 | _apremarc | ||
| 050 | 0 | 0 |
_aQE105 _b.A14 |
| 110 | 1 |
_aIllinois. _bState Geologist. |
|
| 245 | 1 | 0 |
_aReport of progress of the state geological survey, _bcommunicated to the Illinois legislature, at their session of 1853. |
| 260 |
_aSpringfield, Ill., _bLanphier & Walker, Printers, _c1853. |
||
| 300 |
_a13 p. _c22 cm. |
||
| 500 | _aAt head of title: 1853. House. 18th assem. | ||
| 500 | _a"Report of the progress of the survey, from its organization [Aug. 1851] to the present time [Feb. 1853]"--p. 4. | ||
| 650 | 0 |
_aGeology _zIllinois. |
|
| 999 |
_c24309 _d24309 |
||